000 03901nam a22003257a 4500
001 TTS 0003
003 gtcocun
005 20260225190908.0
006 a|||||r|||| 00| 0
007 ta
008 260225b gt ||||| |||| 00| 0 spa d
040 _agtcocun
_bSPA
_cgtcocun
_eRDA
041 _aSPA TTS 0003
084 _0TTS 0003
100 _aCoy Hun, Mayra Zobeida
_eAutor
245 _aEVALUACION DEL PROCESO DE CRÉDITOS E IMPACTO SOCIAL DE LOS BANCOS COMUNALES DE LA FUNDACION PARA EL DESARROLLO Y EDUCACION DE LA MUJER INDIGENA (FUNDEMI TALITA KUMI)/
_cMayra Zobeida Coy Hun.
_hImpreso
264 _aCobán, Alta Verapaz:
_bUniversidad de San Carlos de Guatemala, Centro Universitario del Norte, Carrera de Trabajo Social
_c2003
300 _a124 p.:
_bIlustraciones, gráficas.
_c28 cm;
300 _cPDF
336 _2rdacontenido
_aTexto
_btxt
337 _2rdamedio
_aComputadora
_bn
338 _2rdasoporte
_aCódigo en línea
_bcr
502 _aTesis de grado
_bLicenciatura en Trabajo Social
_cUniversidad de San Carlos de Guatemala, Centro Universitario del Norte, Licenciatura en Trabajo Social
_d2003
_oTTS 0003
_eTTS 0003
520 1 4 _aEl contexto socioeconómico que caracteriza en general al país, esta relacionado directamente con los bajos índices de desarrollo y marginalidad de la mujer, especialmente la del área rural y las posibilidades de integración a los procesos productivos y organizativos comunitarios que han sido muy limitados. Los Bancos Comunales son un modelo adaptado por muchas entidades, dentro del marco actual de desarrollo que se fundamenta en crear capacidades humanas en el crecimiento económico con equidad social en la conservación de los recursos naturales para el goce de las generaciones futuras, en este caso la Fundación para el Desarrollo y Educación de la Mujer Indígena, programa educativo TALITA KUMI, como respuesta al vacío existente de brindar oportunidades a las mujeres indígenas de comunidades del municipio de San Pedro Carchá, otorga capital de trabajo orientado a actividades productivas, como estrategia de sobrevivencia y de ayuda mutua para la satisfacción de sus necesidades y la de su familia, para hacer énfasis en su participación, trabajo, organización y conocimiento, lo cual se refleja en resultados obtenidos en esta investigación, que evidencian lo que antes era subestimado por no contar con un trabajo científico que revele con confiabilidad las actividades económicas y sociales que ahora se realizan en las comunidades q´eqchí´s, que actualmente se valoran, visualizan y se consideran imprescindibles, ya que la mujer maya pasa de ser un sujeto irrelevante a ser un actor activo y creativo. No obstante, en el estudio realizado, se identificaron medidas preventivas y correctivas para hacer mejoras y enmiendas de algunos aspectos en la aplicación de la metodología del modelo de los Bancos Comunales, entre los que se mencionan: Asistencia técnica, administrativa, organizacional y de ser consideradas convenientes, oportunas y viables para los propósitos que se buscan, FUNDEMI TALITA KUMI, logrará el éxito y el Impacto Social deseado bajo la perspectiva de un empoderamiento y sosteniblidad de las organizaciones femeninas de base que permita a las mismas mujeres participantes del proyecto a que puedan ser las administradoras y ejecutoras directas del proyecto, lo que requiere que posean capacidades a mediano plazo para el manejo de los recursos.
650 1 4 _2LEMB
_vTrabajo Social
_xMujer
_xPrograma educativo
_xBancos comunales
_xMujer indígena
_xDesarrollo
_xEducación
700 _aLic. Julio Antonio Pisquiy Mejía
_eAsesor
856 _uhttps://drive.google.com/file/d/1MxOOBzfHB3dikjd73IJ06okFaMmjrm6N/view
_yPDF
_zUn ejemplar en línea.
942 _2ddc
_cTES
_iTTS 0003
_kClasificación
_n0
_6TTS_0003_000000000000000
999 _c2683
_d2683